| 000 -LEADER |
| fixed length control field |
00831nam a22002297a 4500 |
| 003 - CONTROL NUMBER IDENTIFIER |
| control field |
OSt |
| 005 - DATE AND TIME OF LATEST TRANSACTION |
| control field |
20241004085940.0 |
| 008 - FIXED-LENGTH DATA ELEMENTS--GENERAL INFORMATION |
| fixed length control field |
241004b ||||| |||| 00| 0 eng d |
| 020 ## - INTERNATIONAL STANDARD BOOK NUMBER |
| International Standard Book Number |
9780141362250 |
| 040 ## - CATALOGING SOURCE |
| Transcribing agency |
KH8 |
| 082 ## - DEWEY DECIMAL CLASSIFICATION NUMBER |
| Classification number |
FIC RIO |
| 100 ## - MAIN ENTRY--PERSONAL NAME |
| Personal name |
Riordan, Rick, |
| Relator term |
author. |
| 245 ## - TITLE STATEMENT |
| Title |
Percy Jackson and the Greek Heroes / |
| Statement of responsibility, etc. |
Rick Riordan. |
| 260 ## - PUBLICATION, DISTRIBUTION, ETC. |
| Place of publication, distribution, etc. |
London; |
| Name of publisher, distributor, etc. |
Puffin Books, |
| Date of publication, distribution, etc. |
2016. |
| 300 ## - PHYSICAL DESCRIPTION |
| Extent |
ix, 515 pages: |
| Other physical details |
illustrations: |
| Dimensions |
20 cm. |
| 440 ## - SERIES STATEMENT/ADDED ENTRY--TITLE |
| Title |
Percy Jackson |
| 520 ## - SUMMARY, ETC. |
| Summary, etc. |
Fantasy-noveller. Modern-day demigod Percy Jackson, the son of Poseidon, tells the origin stories of major Greek heroes, including Perseus, Bellerophon, and Atalanta, while offering his own personal take on his ancient associates. |
| 650 ## - SUBJECT ADDED ENTRY--TOPICAL TERM |
| Topical term or geographic name entry element |
Fantasy |
| Form subdivision |
Fiction |
| 650 ## - SUBJECT ADDED ENTRY--TOPICAL TERM |
| Topical term or geographic name entry element |
Greek |
| Form subdivision |
Fiction |
| 830 ## - SERIES ADDED ENTRY--UNIFORM TITLE |
| Uniform title |
Percy Jackson |
| 942 ## - ADDED ENTRY ELEMENTS (KOHA) |
| Source of classification or shelving scheme |
|
| Koha item type |
Books - Fiction |